01310nam a2200241Ia 4500001000600000003000900006008004100015040001300056040001300069041001300082100002300095100002900118245003900147245005400186250001100240260000900251260001200260260004900272300005900321500064200380650001501022650003101037H5674IT-RoPAU130308s9999 xx 000 0 und d aIT-RoPAU cIT-RoPAU aITALIANO aFontanille Jacques gCodice Aut. SPICS: 11748 aSenza titolo... o senza contenuto? bSemiotiche della Pittura. I Classici. Le Ricerche a1a ed. aROMA bMeltemi c2004 [1° Ed.:2004 - Ed.Ling.Originale:2004] a"20 p. (prefazione: no ; testo: 20 [pagine: 107-126])" a"Introduzione: ipotesiDi Lavoro; Svolta Modale; Semiotica del Visibile. Segmentazione: Articolazione Mereologica; contaminazioni Cromatiche; Sistema Plastico; Rilevamento Opposizioni. Sintassi del Visibile: Coerenza Interna al Quadro; Velocità di Trasformazione. Potenziali, Velocità e Profondita': Saturazione e Desaturazione; ruolo Osservatore; Costruzione Figura/Sfondo; Opposizione Strati/Piani; Transizione Luce e Ombra; negoziazione del Senso. rischi del Valore: colore X filosofi e X Semiotici; Debrayage e Embrayage; Produzione di Rothko; Effetti Plastici. nel Nero, per Finire: Area Nera e Suoi Valori; Dimensione Estetica." aSEMIOLOGIA eCodice materia Spics: 3251